[Event "EYTCC U18 Open 2019"]
[Site "Pardubice"]
[Date "2019.07.11"]
[Round "1.1"]
[White "Miesbauer, Jan"]
[Black "Gazik, Viktor"]
[Result "0-1"]
[WhiteElo "2409"]
[BlackElo "2525"]
[Annotator "ChessBase"]
[PlyCount "80"]
[EventDate "2019.07.11"]
[EventType "swiss"]
[EventCountry "CZE"]
[SourceTitle "playchess.com"]
[Source "ChessBase"]
[SourceQuality "1"]
[WhiteTeam "Czech Republic"]
[BlackTeam "Slovakia"]
[WhiteTeamCountry "CZE"]
[BlackTeamCountry "SVK"]
[TimeControl "40/5400+30:1800+30"]

1. c4 {[%emt 0:00:00]} e5 {[%emt 0:01:16]} 2. Nc3 {[%emt 0:00:00]} Bb4 {[%emt 0:07:03]} 3. g3 {[%emt 0:00:59]} Bxc3 {[%emt 0:01:21]} 4. dxc3 {[%emt 0:00:35]} d6 {[%emt 0:03:13]} 5. Bg2 {[%emt 0:01:14]} f5 {[%emt 0:03:48]} 6. Nf3 {[%emt 0:08:00]} Qe7 {[%emt 0:04:13]} 7. Qc2 {[%emt 0:07:24]} Nf6 {[%emt 0:12:02]} 8. Bg5 {[%emt 0:01:10]} h6 {[%emt 0:01:45]} 9. Bxf6 {[%emt 0:00:12]} Qxf6 {[%emt 0:00:02]} 10. Nd2 {[%emt 0:02:46]} O-O {[%emt 0:04:10]} 11. c5 {[%emt 0:12:37]} c6 {[%emt 0:02:00]} 12. cxd6 {[%emt 0:00:36]} Qxd6 {[%emt 0:00:57]} 13. a4 {[%emt 0:04:18]} Be6 {[%emt 0:03:34]} 14. a5 {[%emt 0:00:51]} Nd7 {[%emt 0:05:31]} 15. O-O {[%emt 0:00:47]} Rae8 {[%emt 0:03:10]} 16. Rad1 {[%emt 0:07:52]} Qc7 {[%emt 0:01:13]} 17. a6 {[%emt 0:00:30]} b5 {[%emt 0:05:19]} 18. c4 {[%emt 0:04:03]} Qb6 {[%emt 0:03:12]} 19. cxb5 {[%emt 0:01:55]} cxb5 {[%emt 0:00:02]} 20. Qc6 {[%emt 0:00:39]} e4 {[%emt 0:05:20]} 21. Qxb6 {[%emt 0:00:24]} Nxb6 {[%emt 0:00:11]} 22. g4 {[%emt 0:03:19]} Bd5 {[%emt 0:03:04]} 23. gxf5 {[%emt 0:02:38]} Rxf5 {[%emt 0:00:14]} 24. Rc1 {[%emt 0:01:06]} Nc4 {[%emt 0:06:58]} 25. Nxc4 {[%emt 0:09:02]} Bxc4 {[%emt 0:00:03]} 26. Rfd1 {[%emt 0:04:29]} Rf6 {[%emt 0:13:30]} 27. Rd4 {[%emt 0:05:50]} e3 {[%emt 0:04:39]} 28. fxe3 {[%emt 0:01:04]} Rxe3 {[%emt 0:00:16]} 29. Bf3 {[%emt 0:04:10]} Rxa6 {[%emt 0:01:27]} 30. Kf2 {[%emt 0:03:29]} Re5 {[%emt 0:02:11]} 31. Rd7 {[%emt 0:02:00]} Rf6 {[%emt 0:00:44]} 32. Re1 {[%emt 0:02:55]} a5 {[%emt 0:00:16]} 33. e4 {[%emt 0:01:54]} Rh5 {[%emt 0:03:13]} 34. e5 {[%emt 0:02:36]} Rf8 {[%emt 0:00:01]} 35. Re3 {[%emt 0:05:31]} Rxh2+ {[%emt 0:00:01]} 36. Kg3 {[%emt 0:00:22]} Rxb2 {[%emt 0:00:01]} 37. Bd5+ {[%emt 0:00:40]} Bxd5 {[%emt 0:00:05]} 38. Rxd5 {[%emt 0:00:04]} a4 {[%emt 0:01:20]} 39. Kg4 {[%emt 0:00:54]} Rb4+ {[%emt 0:00:30]} 40. Kg3 {[%emt 0:00:18]} Re8 {[%emt 0:00:25]} 0-1

[Event "EYTCC U18 Open 2019"]
[Site "Pardubice"]
[Date "2019.07.11"]
[Round "1.2"]
[White "Pechac, Jergus"]
[Black "Zeman, Matyas"]
[Result "1/2-1/2"]
[WhiteElo "2469"]
[BlackElo "2275"]
[Annotator "TA"]
[PlyCount "102"]
[EventDate "2019.07.11"]
[EventType "swiss"]
[EventCountry "CZE"]
[SourceTitle "playchess.com"]
[Source "ChessBase"]
[SourceQuality "1"]
[WhiteTeam "Slovakia"]
[BlackTeam "Czech Republic"]
[WhiteTeamCountry "SVK"]
[BlackTeamCountry "CZE"]

{[%evp 20,101,31,10,21,14,12,20,18,18,18,16,19,12,16,10,15,6,17,13,31,29,36,31,35,55,40,44,36,31,36,17,31,0,0,0,0,0,0,0,125,0,38,0,0,0,0,-37,-39,-672,-669,-631,-584,-437,-34,-34,-34,-34,-8,-8,-8,-8,-8,-8,-8,-8,-8,-8,-8,-8,-8,-8,-8,-8,0,0,0,0,0,0,0,0,0,0]} 1. d4 Nf6 2. c4 e6 3. Nc3 d5 4. Nf3 c5 5. cxd5 Nxd5 6. e4 Nxc3 7. bxc3 cxd4 8. cxd4 Bb4+ 9. Bd2 Bxd2+ 10. Qxd2 O-O 11. Bd3 Nc6 {D41: Queen's Gambit Declined: Semi-Tarrasch with 5 cxd5} 12. Bc2 Qa5 (12... b6 13. O-O Bb7 14. d5 Na5 15. dxe6 fxe6 16. Qe2 Rc8 17. Rad1 Qc7 18. Nd4 Qe5 19. Rfe1 {½-½ (37) Wojtaszek,R (2737)-Kramnik,V (2794) Antalya 2017}) 13. Qxa5 Nxa5 14. Bd3 b6 15. Kd2 Bb7 16. Rac1 Rac8 17. Ke3 Rfd8 18. h4 $146 ({Predecessor:} 18. g4 Nc6 19. Rc4 {0-1 (54) Vesterli,M (2073)-Rostgaard,T (2327) Helsingor 2017}) 18... Kf8 19. g4 Ke7 20. h5 h6 21. Ne5 Nc6 22. Nxc6+ Rxc6 23. Rxc6 Bxc6 $14 {[%mdl 4096] Endgame KRB-KRB} 24. Rc1 Kd7 25. f4 Rc8 $1 26. f5 Bb7 $1 27. Rxc8 Bxc8 $11 {KB-KB} 28. Kf4 f6 29. Bc4 Ke7 (29... exf5 $1 $11 30. gxf5 Bb7) 30. a3 (30. Bxe6 $16 Ba6 31. Ke3) 30... a6 31. a4 exf5 $1 32. gxf5 Bd7 33. Bb3 a5 {White must now prevent ...b5.} 34. e5 $2 {[%mdl 8192] [#]} (34. Bd1 $15) 34... b5 $1 $19 35. axb5 Bxb5 36. d5 fxe5+ $2 (36... Kd8 $19 {Hoping for ...a4.} 37. Ke4 a4 38. exf6 gxf6) 37. Kxe5 $15 Be2 38. d6+ Ke8 39. f6 $1 {[%cal Rf6f7] The position is equal.} gxf6+ 40. Kxf6 {[#] And now Ba4+ would win.} Bxh5 41. Kg7 $1 Kd7 42. Kxh6 Be2 43. Kg5 Kxd6 44. Kf4 Kc5 45. Ke3 Kb4 (45... Bg4 {feels hotter.} 46. Kd2 Bd7 47. Bf7 a4 48. Kc2 Bc6) 46. Be6 Bc4 (46... Bh5 {is interesting.} 47. Kd2 Bg6 48. Kc1 Ka3 49. Bd5 Bd3) 47. Bxc4 Kxc4 48. Kd2 a4 {[%cal Ba5a4,Ba4a3,Ba3a2][%mdl 32]} (48... Kb3 $5 49. Kc1 $8 Kc4 $11) 49. Kc2 a3 50. Kb1 a2+ (50... Kb3 $5) 51. Ka1 Kb3 {Accuracy: White = 61%, Black = 59%.} 1/2-1/2

[Event "EYTCC U18 Open 2019"]
[Site "Pardubice"]
[Date "2019.07.11"]
[Round "1.3"]
[White "Svanda, Ondrej"]
[Black "Haring, Filip"]
[Result "0-1"]
[WhiteElo "2234"]
[BlackElo "2334"]
[Annotator "NA"]
[PlyCount "76"]
[EventDate "2019.07.11"]
[EventType "swiss"]
[EventCountry "CZE"]
[SourceTitle "playchess.com"]
[Source "ChessBase"]
[SourceQuality "1"]
[WhiteTeam "Czech Republic"]
[BlackTeam "Slovakia"]
[WhiteTeamCountry "CZE"]
[BlackTeamCountry "SVK"]
[TimeControl "40/5400+30:1800+30"]

1. c4 {[%emt 0:00:00]} Nf6 {[%emt 0:00:00]} 2. Nc3 {[%emt 0:00:00]} e5 {[%emt 0:00:41]} 3. g3 {[%emt 0:00:22]} d5 {[%emt 0:00:24]} 4. cxd5 {[%emt 0:00:16]} Nxd5 {[%emt 0:00:20]} 5. Bg2 {[%emt 0:00:05]} Nb6 {[%emt 0:00:27]} 6. Nf3 {[%emt 0:00:30]} Nc6 {[%emt 0:00:40]} 7. O-O {[%emt 0:00:19]} Be7 {[%emt 0:00:37]} 8. a3 {[%emt 0:00:44]} Be6 {[%emt 0:03:06]} 9. b4 {[%emt 0:03:39]} O-O {[%emt 0:06:46]} 10. Rb1 {[%emt 0:00:46]} f6 {[%emt 0:03:27]} 11. d3 {[%emt 0:01:08]} Qd7 {[%emt 0:07:44]} 12. Ne4 {[%emt 0:06:54]} Rab8 {[%emt 0:11:40]} 13. Bb2 {[%emt 0:07:36]} Rfd8 {[%emt 0:06:57]} 14. Rc1 {[%emt 0:03:50]} a5 {[%emt 0:05:27]} 15. b5 {[%emt 0:10:02]} Na7 {[%emt 0:07:02]} 16. a4 {[%emt 0:04:50]} c6 {[%emt 0:02:37]} 17. Bc3 {[%emt 0:07:09]} cxb5 {[%emt 0:05:35]} 18. Bxa5 {[%emt 0:00:18]} Nxa4 {[%emt 0:01:44]} 19. Bxd8 {[%emt 0:05:27]} Rxd8 {[%emt 0:00:25]} 20. Nfd2 {[%emt 0:12:08]} f5 {[%emt 0:09:32]} 21. Nc3 {[%emt 0:01:26]} Nc5 {[%emt 0:03:28]} 22. Ra1 {[%emt 0:09:41]} b6 {[%emt 0:08:31]} 23. Nd5 {[%emt 0:04:00]} Nc8 {[%emt 0:03:40]} 24. Nxe7+ {[%emt 0:03:01]} Nxe7 {[%emt 0:00:07]} 25. Nf3 {[%emt 0:04:23]} Nc6 {[%emt 0:05:38]} 26. Qb1 {[%emt 0:05:05]} b4 {[%emt 0:02:18]} 27. Ng5 {[%emt 0:02:02]} Bb3 {[%emt 0:02:02]} 28. Bxc6 {[%emt 0:00:59]} Qxc6 {[%emt 0:00:09]} 29. Rc1 {[%emt 0:00:05]} Qd5 {[%emt 0:01:27]} 30. e4 {[%emt 0:02:25]} Qxd3 {[%emt 0:00:42]} 31. Rxc5 {[%emt 0:02:32]} Qxb1+ {[%emt 0:00:14]} 32. Rxb1 {[%emt 0:00:02]} bxc5 {[%emt 0:00:11]} 33. Rxb3 {[%emt 0:00:02]} Rb8 {[%emt 0:01:09]} 34. Nf3 {[%emt 0:02:21]} c4 {[%emt 0:00:12]} 35. Rb1 {[%emt 0:00:22]} c3 {[%emt 0:01:35]} 36. Nxe5 {[%emt 0:02:33]} b3 {[%emt 0:00:44]} 37. Nd3 {[%emt 0:00:51]} c2 {[%emt 0:00:38]} 38. Rb2 {[%emt 0:00:07]} Rd8 {[%emt 0:00:23]} 0-1

[Event "EYTCC U18 Open 2019"]
[Site "Pardubice"]
[Date "2019.07.11"]
[Round "1.4"]
[White "Sahidi, Samir"]
[Black "Mica, Marek"]
[Result "1/2-1/2"]
[WhiteElo "2369"]
[BlackElo "2222"]
[Annotator "NA"]
[PlyCount "113"]
[EventDate "2019.07.11"]
[EventType "swiss"]
[EventCountry "CZE"]
[SourceTitle "playchess.com"]
[Source "ChessBase"]
[SourceQuality "1"]
[WhiteTeam "Slovakia"]
[BlackTeam "Czech Republic"]
[WhiteTeamCountry "SVK"]
[BlackTeamCountry "CZE"]
[TimeControl "40/5400+30:1800+30"]

1. d4 {[%emt 0:00:00]} Nf6 {[%emt 0:00:00]} 2. c4 {[%emt 0:00:00]} e6 {[%emt 0:00:00]} 3. Nc3 {[%emt 0:00:17]} Bb4 {[%emt 0:00:15]} 4. Qc2 {[%emt 0:01:14]} O-O {[%emt 0:01:13]} 5. e4 {[%emt 0:03:56]} Bxc3+ {[%emt 0:08:17]} 6. bxc3 {[%emt 0:00:37]} d6 {[%emt 0:00:32] E32: Nimzo-Indian: Classical (4 Qc2): 4...0-0} 7. Bd3 {[%emt 0:02:27]} e5 {[%emt 0:02:34]} (7... Nbd7 8. f4 e5 9. Nf3 Re8 10. O-O h6 11. c5 exd4 12. cxd6 cxd6 13. cxd4 Nb6 14. e5 {1-0 (41) Bromberger,S (2500)-Braun,A (2567) Austria 2014}) 8. Ne2 {[%emt 0:06:04]} Re8 {[%emt 0:07:15]} 9. f4 {[%emt 0:04:28]} Qe7 $146 {[%emt 0:02:13]} ({Predecessor:} 9... Bg4 10. O-O Bxe2 11. Qxe2 c5 12. fxe5 dxe5 13. d5 h6 14. g4 {1-0 (31) Studnicka,T (2273)-Willim,M (2078) Bayern 2007}) 10. Ng3 {[%emt 0:04:14]} Nc6 {[%emt 0:07:34]} 11. fxe5 {[%emt 0:01:21]} dxe5 {[%emt 0:00:59]} 12. d5 {[%emt 0:00:39]} Na5 {[%emt 0:02:37]} 13. Qa4 {[%emt 0:02:04]} b6 {[%emt 0:07:17]} 14. Ba3 {[%emt 0:03:20]} Qd7 {[%emt 0:01:35]} 15. Qc2 {[%emt 0:02:43]} c5 {[%emt 0:02:12]} 16. O-O {[%emt 0:00:46]} Qe7 {[%emt 0:02:48]} 17. Bc1 {[%emt 0:04:09]} h6 {[%emt 0:09:33]} 18. Rf3 {[%emt 0:06:27]} Bg4 {[%emt 0:03:20]} 19. Rf2 $11 {[%emt 0:00:31]} Rf8 {[%emt 0:01:44]} 20. Be3 {[%emt 0:03:26]} Bd7 {[%emt 0:01:45]} 21. h3 {[%emt 0:00:53]} Ne8 {[%emt 0:01:22]} 22. Raf1 {[%emt 0:01:04]} f6 {[%emt 0:01:40]} 23. Nh5 {[%emt 0:01:46]} Qf7 {[%emt 0:00:40]} 24. g4 {[%emt 0:02:49]} Qg6 {[%emt 0:01:42]} 25. Ng3 {[%emt 0:02:42]} Nd6 {[%emt 0:01:49]} 26. Qe2 {[%emt 0:02:12]} Kf7 {[%emt 0:03:42]} 27. Rg2 {[%emt 0:04:15]} Ke7 {[%emt 0:07:33]} 28. Nf5+ {[%emt 0:03:03]} Bxf5 {[%emt 0:00:47]} 29. gxf5 {[%emt 0:00:55]} Qf7 {[%emt 0:00:19]} 30. Kh2 {[%emt 0:00:59]} Rh8 {[%emt 0:01:26]} 31. Rfg1 {[%emt 0:00:32]} Rag8 {[%emt 0:00:40]} 32. Rg6 {[%emt 0:02:43]} Kf8 {[%emt 0:02:05]} 33. Qf2 {[%emt 0:10:54]} Qc7 {[%emt 0:03:16]} 34. Qh4 {[%emt 0:05:49]} Qf7 {[%emt 0:01:07]} 35. Qg4 {[%emt 0:05:30]} Nc8 {[%emt 0:05:49]} 36. Qd1 {[%emt 0:01:34]} Nd6 {[%emt 0:00:58]} 37. R1g3 {[%emt 0:03:35]} Qd7 {[%emt 0:02:08]} 38. Qg1 {[%emt 0:00:31]} Qf7 {[%emt 0:01:03]} 39. Qg2 {[%emt 0:01:52]} Nc8 {[%emt 0:00:46]} 40. Be2 {[%emt 0:00:21]} h5 {[%emt 0:01:22]} 41. Qg1 {[%emt 0:31:01]} Nb7 {[%emt 0:31:37]} 42. Rg2 {[%emt 0:02:10]} Ne7 {[%emt 0:00:49]} 43. R6g3 {[%emt 0:00:16]} Nc8 {[%emt 0:00:28]} 44. Bd3 {[%emt 0:02:45]} Ncd6 {[%emt 0:00:41]} 45. Qf2 {[%emt 0:01:41]} Qc7 {[%emt 0:02:47]} 46. Rg6 {[%emt 0:01:33]} Qf7 {[%emt 0:00:39]} 47. Qh4 {[%emt 0:00:32]} Nc8 {[%emt 0:00:58]} 48. Rg1 {[%emt 0:00:00]} Ne7 {[%emt 0:00:00]} 49. R6g2 {[%emt 0:00:00]} Nc8 {[%emt 0:00:00]} 50. Qf2 {[%emt 0:00:00]} Ncd6 {[%emt 0:00:00]} 51. a4 {[%emt 0:00:00]} Qc7 {[%emt 0:00:00]} 52. Qh4 {[%emt 0:00:00]} Qf7 {[%emt 0:00:00]} 53. Rg6 {[%emt 0:00:00]} Nc8 {[%emt 0:00:00]} 54. a5 {[%emt 0:00:00]} Nxa5 {[%emt 0:00:00]} 55. Ra1 {[%emt 0:00:00]} Nb7 {[%emt 0:00:00]} 56. Rg2 {[%emt 0:00:00]} Nbd6 {[%emt 0:00:00]} 57. Rg6 {[%emt 0:00:19]} 1/2-1/2

[Event "EYTCC U18 Open 2019"]
[Site "Pardubice"]
[Date "2019.07.11"]
[Round "1.5"]
[White "Ivic, Velimir"]
[Black "Willow, Jonah B"]
[Result "1-0"]
[WhiteElo "2510"]
[BlackElo "2343"]
[Annotator "ChessBase"]
[PlyCount "99"]
[EventDate "2019.07.11"]
[EventType "swiss"]
[EventCountry "CZE"]
[SourceTitle "playchess.com"]
[Source "ChessBase"]
[SourceQuality "1"]
[WhiteTeam "Serbia"]
[BlackTeam "England"]
[WhiteTeamCountry "SRB"]
[BlackTeamCountry "ENG"]
[TimeControl "40/5400+30:1800+30"]

1. d4 {[%emt 0:00:00]} Nf6 {[%emt 0:00:06]} 2. c4 {[%emt 0:00:00]} c5 {[%emt 0:01:21]} 3. d5 {[%emt 0:00:05]} e6 {[%emt 0:00:04]} 4. Nc3 {[%emt 0:01:15]} exd5 {[%emt 0:00:26]} 5. cxd5 {[%emt 0:00:08]} d6 {[%emt 0:00:07]} 6. Nf3 {[%emt 0:01:24]} g6 {[%emt 0:00:45]} 7. Nd2 {[%emt 0:00:27]} Bg7 {[%emt 0:01:36]} 8. e4 {[%emt 0:00:08]} O-O {[%emt 0:00:36]} 9. Be2 {[%emt 0:00:09]} Re8 {[%emt 0:03:55]} 10. O-O {[%emt 0:00:20]} a6 {[%emt 0:02:33]} 11. a4 {[%emt 0:00:13]} Nbd7 {[%emt 0:00:04]} 12. h3 {[%emt 0:06:10]} g5 {[%emt 0:21:20]} 13. Nc4 {[%emt 0:01:02]} Nxe4 {[%emt 0:02:14]} 14. Nxe4 {[%emt 0:00:06]} Rxe4 {[%emt 0:00:03]} 15. Nxd6 {[%emt 0:00:08]} Rd4 {[%emt 0:03:29]} 16. Qc2 {[%emt 0:00:08]} Nf6 {[%emt 0:08:43]} 17. Nxc8 {[%emt 0:04:46]} Rxc8 {[%emt 0:01:43]} 18. Bxg5 {[%emt 0:03:14]} Qxd5 {[%emt 0:09:22]} 19. Be3 {[%emt 0:08:04]} Qe4 {[%emt 0:11:00]} 20. Rfc1 {[%emt 0:12:43]} Rdd8 {[%emt 0:12:20]} 21. Qb3 {[%emt 0:08:13]} Nd5 {[%emt 0:08:36]} 22. Bf3 {[%emt 0:07:17]} Qe5 {[%emt 0:00:07]} 23. Bxc5 {[%emt 0:37:05]} Qxb2 {[%emt 0:02:41]} 24. Rab1 {[%emt 0:00:09]} Qxb3 {[%emt 0:03:04]} 25. Rxb3 {[%emt 0:00:02]} Bf8 {[%emt 0:02:59]} 26. Ba3 {[%emt 0:01:31]} Bxa3 {[%emt 0:01:09]} 27. Rxc8 {[%emt 0:00:07]} Rxc8 {[%emt 0:00:03]} 28. Rxa3 {[%emt 0:00:20]} Rc5 {[%emt 0:01:21]} 29. Rd3 {[%emt 0:00:24]} Nc3 {[%emt 0:01:10]} 30. a5 {[%emt 0:01:55]} Na4 {[%emt 0:01:15]} 31. Rd7 {[%emt 0:01:21]} Rxa5 {[%emt 0:00:46]} 32. Bd5 {[%emt 0:00:12]} Nc5 {[%emt 0:00:29]} 33. Rxf7 {[%emt 0:00:40]} Kh8 {[%emt 0:00:12]} 34. Bxb7 {[%emt 0:01:21]} Rb5 {[%emt 0:00:35]} 35. Bd5 {[%emt 0:01:24]} a5 {[%emt 0:00:33]} 36. h4 {[%emt 0:00:33]} a4 {[%emt 0:00:38]} 37. h5 {[%emt 0:00:38]} Rb6 {[%emt 0:00:34]} 38. Ra7 {[%emt 0:01:14]} Ra6 {[%emt 0:00:19]} 39. Rc7 {[%emt 0:01:34]} Nd3 {[%emt 0:00:40]} 40. Bc4 {[%emt 0:01:38]} a3 {[%emt 0:00:09]} 41. h6 {[%emt 0:31:16]} Ra8 {[%emt 0:30:36]} 42. Bd5 {[%emt 0:00:00]} Rf8 {[%emt 0:00:00]} 43. f3 {[%emt 0:00:00]} Ne5 {[%emt 0:00:00]} 44. Ra7 {[%emt 0:00:00]} Rd8 {[%emt 0:00:00]} 45. Rxa3 {[%emt 0:00:00]} Nf7 {[%emt 0:00:00]} 46. Be4 {[%emt 0:00:00]} Kg8 {[%emt 0:00:00]} 47. Ra7 {[%emt 0:00:00]} Nxh6 {[%emt 0:02:02]} 48. Bxh7+ {[%emt 0:00:00]} Kf8 {[%emt 0:00:20]} 49. Be4 {[%emt 0:00:00]} Nf7 {[%emt 0:00:07]} 50. Ra8 {[%emt 0:00:00]} 1-0

[Event "EYTCC U18 Open 2019"]
[Site "Pardubice"]
[Date "2019.07.11"]
[Round "1.6"]
[White "Derakhshani, Borna"]
[Black "Radovanovic, Mihajlo"]
[Result "1-0"]
[WhiteElo "2300"]
[BlackElo "2500"]
[Annotator "ChessBase"]
[PlyCount "99"]
[EventDate "2019.07.11"]
[EventType "swiss"]
[EventCountry "CZE"]
[SourceTitle "playchess.com"]
[Source "ChessBase"]
[SourceQuality "1"]
[WhiteTeam "England"]
[BlackTeam "Serbia"]
[WhiteTeamCountry "ENG"]
[BlackTeamCountry "SRB"]
[TimeControl "40/5400+30:1800+30"]

1. Nf3 {[%emt 0:00:00]} g6 {[%emt 0:00:10]} 2. c4 {[%emt 0:02:10]} Bg7 {[%emt 0:00:09]} 3. Nc3 {[%emt 0:00:05]} d6 {[%emt 0:00:55]} 4. b3 {[%emt 0:00:09]} e5 {[%emt 0:01:59]} 5. e4 {[%emt 0:05:06]} Nc6 {[%emt 0:05:38]} 6. d3 {[%emt 0:01:17]} Nf6 {[%emt 0:01:06]} 7. g3 {[%emt 0:01:50]} O-O {[%emt 0:01:10]} 8. Bg2 {[%emt 0:00:08]} Nd7 {[%emt 0:06:21]} 9. Nd5 {[%emt 0:01:59]} Nc5 {[%emt 0:02:40]} 10. Bg5 f6 {[%emt 0:01:02]} 11. Be3 {[%emt 0:04:54]} Ne6 {[%emt 0:03:13]} 12. h4 {[%emt 0:04:27]} f5 {[%emt 0:04:14]} 13. h5 {[%emt 0:01:56]} f4 {[%emt 0:01:33]} 14. gxf4 {[%emt 0:08:01]} exf4 {[%emt 0:06:00]} 15. Bd2 {[%emt 0:00:05]} Ne5 {[%emt 0:06:04]} 16. hxg6 {[%emt 0:02:26]} hxg6 {[%emt 0:01:38]} 17. Nxe5 {[%emt 0:08:51]} Bxe5 {[%emt 0:10:20]} 18. Bh3 {[%emt 0:05:23]} c6 {[%emt 0:05:13]} 19. Bxe6+ {[%emt 0:00:47]} Bxe6 {[%emt 0:00:07]} 20. d4 {[%emt 0:09:45]} Bxd4 {[%emt 0:04:05]} 21. Nxf4 {[%emt 0:00:08]} Qf6 {[%emt 0:08:02]} 22. Rc1 {[%emt 0:00:15]} Rae8 {[%emt 0:01:01]} 23. Be3 {[%emt 0:04:07]} c5 {[%emt 0:10:48]} 24. Qf3 {[%emt 0:05:03]} Bf7 {[%emt 0:04:13]} 25. Qh3 {[%emt 0:00:43]} Qg7 {[%emt 0:00:49]} 26. Bxd4 {[%emt 0:01:10]} cxd4 {[%emt 0:00:02]} 27. f3 {[%emt 0:00:09]} d3 {[%emt 0:03:37]} 28. Nxd3 {[%emt 0:01:50]} d5 {[%emt 0:02:37]} 29. cxd5 {[%emt 0:02:16]} Bxd5 {[%emt 0:00:06]} 30. Rc7 {[%emt 0:01:06]} Rf7 {[%emt 0:00:57]} 31. Rxf7 {[%emt 0:01:03]} Bxf7 {[%emt 0:00:06]} 32. Ke2 {[%emt 0:01:08]} Rd8 {[%emt 0:02:01]} 33. Qh6 {[%emt 0:00:15]} Qxh6 {[%emt 0:02:42]} 34. Rxh6 {[%emt 0:00:02]} a5 {[%emt 0:00:20]} 35. Ne5 {[%emt 0:03:04]} Be8 {[%emt 0:00:15]} 36. Ke3 {[%emt 0:00:13]} Rc8 {[%emt 0:02:19]} 37. Rh2 {[%emt 0:01:45]} b5 {[%emt 0:00:33]} 38. f4 {[%emt 0:00:37]} Kg7 {[%emt 0:00:40]} 39. Rd2 {[%emt 0:00:05]} b4 {[%emt 0:02:58]} 40. Rd5 {[%emt 0:01:41]} Ra8 {[%emt 0:00:57]} 41. Nd3 {[%emt 0:30:20]} Ra7 {[%emt 0:30:49]} 42. e5 {[%emt 0:01:22]} Kf7 {[%emt 0:00:48]} 43. Kd4 {[%emt 0:00:13]} Ke7 {[%emt 0:00:10]} 44. Rd6 {[%emt 0:00:55]} Rd7 {[%emt 0:00:00]} 45. Kd5 {[%emt 0:00:00]} Bf7+ {[%emt 0:00:00]} 46. Kc6 {[%emt 0:00:00]} Ra7 {[%emt 0:00:00]} 47. Nc5 {[%emt 0:00:00]} Ra8 {[%emt 0:00:00]} 48. Rd7+ {[%emt 0:00:00]} Kf8 {[%emt 0:00:00]} 49. e6 {[%emt 0:00:00]} Rc8+ {[%emt 0:00:00]} 50. Rc7 {[%emt 0:00:00]} 1-0

[Event "EYTCC U18 Open 2019"]
[Site "Pardubice"]
[Date "2019.07.11"]
[Round "1.7"]
[White "Budisavljevic, Luka"]
[Black "Grieve, Harry"]
[Result "1/2-1/2"]
[WhiteElo "2351"]
[BlackElo "2235"]
[Annotator "RC"]
[PlyCount "60"]
[EventDate "2019.07.11"]
[EventType "swiss"]
[EventCountry "CZE"]
[WhiteTeam "Serbia"]
[BlackTeam "England"]
[WhiteTeamCountry "SRB"]
[BlackTeamCountry "ENG"]
[TimeControl "40/5400+30:1800+30"]

1. d4 {[%emt 0:00:00]} d5 {[%emt 0:00:00]} 2. Nf3 {[%emt 0:00:00]} e6 {[%emt 0:00:00]} 3. e3 {[%emt 0:00:35]} Bd6 {[%emt 0:00:41]} 4. c4 {[%emt 0:01:01]} c6 {[%emt 0:00:11]} 5. Bd3 {[%emt 0:00:10]} f5 {[%emt 0:00:13]} 6. O-O {[%emt 0:01:56]} Nf6 {[%emt 0:00:10]} 7. b3 {[%emt 0:00:33]} Qe7 {[%emt 0:00:06]} 8. Bb2 {[%emt 0:00:37]} O-O {[%emt 0:00:17]} 9. Qc1 {[%emt 0:01:34]} b6 {[%emt 0:00:13]} 10. Ba3 {[%emt 0:00:58]} c5 {[%emt 0:00:12]} 11. Nc3 {[%emt 0:02:37]} Ba6 {[%emt 0:00:50]} 12. Rd1 {[%emt 0:03:21]} dxc4 {[%emt 0:01:09]} 13. Bxc4 {[%emt 0:09:58]} Bxc4 {[%emt 0:00:22]} 14. bxc4 {[%emt 0:00:13]} Nc6 {[%emt 0:01:25]} 15. Nb5 {[%emt 0:06:52]} Rfd8 {[%emt 0:00:09]} 16. Nxd6 {[%emt 0:10:12]} Rxd6 {[%emt 0:00:11]} 17. dxc5 {[%emt 0:01:43]} bxc5 {[%emt 0:00:11]} 18. Rxd6 {[%emt 0:05:43]} Qxd6 {[%emt 0:00:10]} 19. Qd2 {[%emt 0:00:39]} Qxd2 {[%emt 0:09:13]} 20. Nxd2 {[%emt 0:00:07]} Nb4 {[%emt 0:00:03]} 21. Bb2 {[%emt 0:09:33]} Rd8 {[%emt 0:09:51]} 22. Nb3 {[%emt 0:03:13]} Ne4 {[%emt 0:03:39]} 23. f3 {[%emt 0:05:32]} Nd2 {[%emt 0:00:41]} 24. Na5 {[%emt 0:15:10]} Nc2 {[%emt 0:07:12]} 25. Rc1 {[%emt 0:00:09]} Nxe3 {[%emt 0:07:33]} 26. Ba3 {[%emt 0:00:13]} Ndf1 {[%emt 0:08:24]} 27. Nb3 {[%emt 0:09:33]} Nd2 {[%emt 0:02:52]} 28. Na5 {[%emt 0:01:33]} Ndf1 {[%emt 0:03:24]} 29. Nb3 {[%emt 0:04:17]} Nd2 {[%emt 0:00:09]} 30. Na5 {[%emt 0:04:32]} Ndf1 1/2-1/2

[Event "EYTCC U18 Open 2019"]
[Site "Pardubice"]
[Date "2019.07.11"]
[Round "1.8"]
[White "Stoyanov, Viktor"]
[Black "Omorjan, Dejan"]
[Result "0-1"]
[WhiteElo "2198"]
[BlackElo "2317"]
[Annotator "TA"]
[PlyCount "82"]
[EventDate "2019.07.11"]
[EventType "swiss"]
[EventCountry "CZE"]
[SourceTitle "playchess.com"]
[Source "ChessBase"]
[SourceQuality "1"]
[WhiteTeam "England"]
[BlackTeam "Serbia"]
[WhiteTeamCountry "ENG"]
[BlackTeamCountry "SRB"]

{[%evp 9,82,0,0,0,0,0,9,7,30,0,0,0,28,0,0,0,0,0,0,-45,-50,-47,14,9,16,-137,-137,-145,-143,-145,-145,-342,-322,-304,-325,-316,-312,-385,-385,-379,-374,-381,-374,-374,-370,-531,-519,-538,-516,-663,-662,-832,-831,-858,-854,-850,-833,-832,-647,-1164,-1169,-1032,-1050,-1048,-1000,-1135,-1097,-1440,-1407,-1065,-1382,-1396,-1387,-1290,-1257]} 1. d4 Nf6 2. Bf4 g6 3. Nc3 d5 4. e3 Bg7 5. h4 h5 6. Nf3 {A45: Trompowsky Attack} (6. Qf3 c5 7. Qg3 Nc6 8. Bc7 Qd7 9. O-O-O cxd4 10. exd4 O-O 11. Nh3 {½-½ (44) Nisipeanu,L (2667)-Jones,G (2702) Malmo 2019}) 6... O-O 7. Be2 c6 8. Ne5 {The position is equal.} Nbd7 9. f3 Nxe5 10. Bxe5 Bh6 11. g4 Nd7 ({But not} 11... Bxe3 $6 12. Qd3 $16) 12. Bf4 $146 ({Predecessor:} 12. Qd3 Nxe5 13. dxe5 Qb6 14. gxh5 Qxe3 15. hxg6 Qf4 16. gxf7+ Rxf7 17. Qg6+ Kf8 18. Qh5 Rg7 19. Nd1 Be6 {0-1 (19) Gauss,G (2182)-Weindl,A (2331) Austria 2015}) 12... Bxf4 13. exf4 Nf6 $1 14. Qd2 hxg4 15. O-O-O g3 ({Better is} 15... gxf3 $1 $15 16. Bxf3 Bf5) 16. Bd3 $11 Nh5 17. f5 $2 (17. Rdg1 $11) 17... Qd6 $36 {[%mdl 2048] Black is in control.} ({Worse is} 17... Bxf5 18. Bxf5 gxf5 19. Qg5+ Ng7 20. h5 $14) 18. Ne2 Bxf5 19. Bxf5 gxf5 20. f4 $2 (20. Qg5+ $17 {was forced.} Qg6 21. f4) 20... Kh7 21. Qd3 e6 22. Qf3 Kh6 23. Rdf1 Rg8 {[#] And now ...g2 would win.} 24. Rhg1 Rg4 25. Rg2 Rag8 26. Kb1 Qe7 27. Rgg1 (27. Qc3 {is a better defense.}) 27... g2 $19 {Black is clearly winning.} 28. Rf2 Qxh4 29. a3 Nf6 {[#] aiming for ...Ne4.} 30. Ka2 Qh5 31. Qe3 Ne4 32. Rf3 Rh4 33. Ng3 Nxg3 34. Rxg3 Rxg3 35. Qxg3 {[%mdl 4096] Endgame KQR-KQR} Rg4 36. Qe3 Qh2 37. c3 Kg6 38. a4 Qxf4 39. Qxf4 Rxf4 40. Rxg2+ Rg4 41. Rh2 f4 {Accuracy: White = 37%, Black = 86%.} 0-1